000 00565nam a2200169Ia 4500
008 090201s9999 xx 000 0 und d
010 _aKPL-9806
040 _bमराठी
041 _aमराठी
082 _a43947
_b9806
100 _aमध्ुसुदन कालेलकर
245 _aअपराध मीच केला
_cमध्ुसुदन कालेलकर
260 _c2005
_bरंजना प्रकाशन
300 _a103
_bमोठा
600 _aअपराध मीच केला
942 _cBOOK
999 _c240985
_d240985